All Big Time Rush Songs - Statistiques

Statistiques générales
  • Ce quiz a été pris 163 fois
  • Le résultat moyen est 33 sur 74
Statistiques - réponses
Album First Letter Title % Correct
BTR B Big Time Rush
92%
Elevate E Elevate
84%
BTR B Boyfriend
81%
BTR W Worldwide
81%
24/Seven 2 24/Seven
80%
BTR C City is Ours
67%
Elevate W Windows Down
67%
Elevate S Superstar
66%
BTR B Big Night
64%
BTR F Famous
62%
Single P Paralyzed
62%
BTR H Halfway There
61%
24/Seven W We are
61%
BTR A Any Kind of Guy
59%
Elevate L Love Me Love Me
59%
BTR C Count On You (feat. Jordin Sparks)
58%
BTR O Oh Yeah
58%
24/Seven C Confetti Falling
56%
Elevate C Cover Girl
56%
BTR T Til I forget about you
56%
Elevate I If I Ruled the World (feat. Iyaz)
55%
Elevate M Music Sounds Better (feat. Mann)
54%
BTR N Nothing Even Matters
54%
Elevate A All Over Again
51%
Elevate N No Idea
51%
Another Life A Another Life
49%
BTR I I Know You Know (feat. Cymphonique)
49%
BTR T This is Our Someday
48%
24/Seven A Amazing
47%
Christmas Songs A All I Want For Christmas
46%
24/Seven L Love Me Again
45%
BTR S Stuck
44%
24/Seven G Get Up
43%
24/Seven L Like Nobody's Around
43%
Another Life W Waves
43%
Another Life W Weekends
43%
Another Life W Weekends (Acoustic)
43%
Elevate I Invisible
42%
24/Seven P Picture This
42%
24/Seven C Crazy For U
41%
24/Seven R Run Wild
41%
Big Time Movie Soundtrack H Help
40%
24/Seven S Song For You (feat. Karmin)
40%
Elevate T Time of Our Life
39%
24/Seven N Na Na Na
37%
Christmas Songs B Beautiful Christmas
36%
Elevate S Show Me
36%
Another Life C Can't Get Enough
35%
24/Seven L Lost in Love (feat. Jake Miller)
35%
Another Life S Shot In The Dark
35%
Single F Fall
34%
24/Seven J Just Getting Started
34%
24/Seven U Untouchable
34%
Elevate Y You're Not Alone
34%
Single O Only One
33%
Single D Dale Pa'Ya (feat. Maffio)
32%
Big Time Movie Soundtrack W We Can Work It Out
32%
Another Life B Brand New
31%
Single H Honey
31%
Big Time Movie Soundtrack A A Hard Day's Night
29%
Another Life A Ask You Tonight
29%
Another Life I I Just Want To (Party All the Time)
29%
Big Time Movie Soundtrack C Can't Buy Me Love
28%
Another Life F Forget You Now
28%
Single C Call It Like I See It
27%
Big Time Movie Soundtrack I I Wanna Hold Your Hand
27%
Big Time Movie Soundtrack R Revolution
27%
Single S Suave (feat. Maffio and Calacote)
27%
Another Life S Superstitious
27%
Another Life D Dreamworld
26%
Another Life W Work for It
26%
Another Life L Learn To Love
25%
Another Life Y Your Way
25%
Single N Not Giving You Up
24%
Aucun quiz correspondant
Distribution des résultats
% des personnes avec chaque résultat
Percentile par nombre de réponses
Votre historique - résultats
Vous n’avez pas pris ce quiz